Score 0/14 Timer 03:00
6 Plays Today
Clue Homophone % Correct
Travel by yachtSALE
89.1%
Flag a cabHALE
87.8%
TressesHARE
66.5%
Ursine forest dwellerBARE
59.8%
The essence of a beingSOLE
50.9%
Porcine forest dwellerBORE
43.5%
'Freak on a Leash' nu metal bandCORN
39.9%
Clue Homophone % Correct
Give an alertWORN
36.6%
Military groupCORE
31.1%
A grant of temporary useLONE
30.5%
Viral skin blemishWORT
29.1%
Rich cake made with many eggsTORT
26.9%
'Walking in Memphis' singer MarcCONE
25.1%
A rocky peakTORE
21.6%

Today's Daily Dose

You're not logged in!

Compare scores with friends on all Sporcle quizzes.
OR
Log In

Sporcle TV

Today on Sporcle TV


Watch our educational content, quiz creation guides, and fun videos on Sporcle TV.

Show Comments

Extras

Top Quizzes Today


Score Distribution

Paid Content

Your Account Isn't Verified!

In order to create a playlist on Sporcle, you need to verify the email address you used during registration. Go to your Sporcle Settings to finish the process.

Report this User

Report this user for behavior that violates our Community Guidelines.

Details: